000 00878nam0a2200277 4500
001 RU\NLR\bibl\1087853
005 20250615051937.0
010 _a5-17-021224-0
010 _a5-9713-0852-1
_92000
021 _aRU
_b2007-24652
_91302
035 _a(NLR Aleph) 001075010
090 _a1022586
_c1022586
100 _a20070518d2007 |||y0rusy50 ca
101 0 _arus
102 _aRU
105 _ay |||||||||
200 1 _aБойцовский клуб
_eроман
_fЧак Паланик
210 _aМосква
_cАСТ
_cАСТ Москва
_d2007
215 _a252,[1] с.
_d17
225 1 _aКлассическая и современная проза
700 1 _4070
_7ca
_8rus
_aПаланик
_bЧ.
_f1962-
_gЧак
_9217774
_3RU\NLR\AUTH\770217830
801 0 _aRU
_bNLR
_c20070518
_gRCR
801 1 _aRU
_bNLR
_c20070518
942 _cBOOK
980 _aNB